Worst Soccer Losses in History - Statistics

General Stats
  • This quiz has been taken 374 times
    307 since last reset
  • The average score is 2 of 8
Answer Stats
Final Score Winner Loser % Correct
7-1 Germany Brazil
99%
31-0 Australia American Samoa
61%
19-0 China PR Guam
28%
10-1 Hungary El Salvador
23%
19-0 Iran Guam
16%
30-0 Tahiti Cook Islands
10%
8-1 Bosnia-Herzegovina Liechtenstein
6%
10-0 Bahrain Indonesia
4%
No matching quizzes found
Score Distribution
Percent of People with Each Score
Percentile by Number Answered
Your Score History
You have not taken this quiz since the last reset